000 00543nam a2200157Ia 4500
005 20240731070013.0
008 240331s9999 xx 000 0 und d
020 _a8185425191
082 _bCRI
_a291.5
245 0 _aCriminal Gods and demon devotees :
_bessays on theguardians opopular Hinduism
260 _aNew Delhi
_bManohar Publications
_c1990
300 _axii, 491 p .,
500 _aThe book brings together 15 well researched a papers based on actual field work by well known scholars.
700 _aHiltebeitel, Alf
_eedt
942 _cL
999 _c1373
_d1373